000 00445nam a2200181Ia 4500
001 2859
005 20260306144838.0
008 260306t2010||||xx |||||||||||||| ||spa||
041 _aESP
082 _a230.3
_bM28
100 _aMateo Seco, Lucas F.
_eAUT
245 0 _aConceptos básicos para el estudio de la teología
260 _c2010
300 _a542 páginas :
_c23 cm.
650 _aGEN
654 _aCHU
942 _cLIB
_dJUS
_fJUS
_2ddc
_n
999 _c2859
_d2859